| 000 | 00408nam a2200097Ia 4500 | ||
|---|---|---|---|
| 008 | 180130s9999 xx 000 0 und d | ||
| 245 |
_cPerroni, Emilia _aPlay as a movement of the soul: some thoughts on order and disorder |
||
| 260 | _c2014 | ||
| 300 | _aBook title: Play : psychoanalytic perspectives, survival and human development--Acession number C18636; pages 62-64 | ||
| 650 | _aPLAY--PSYCHOLOGICAL ASPECTS | ||
| 999 |
_c354504 _d354504 |
||